| 000 | 00837nam a2200193 4500 | ||
|---|---|---|---|
| 999 |
_c10268 _d10268 |
||
| 008 | 180809b ||||| |||| 00| 0 eng d | ||
| 022 | _a0022-0167 | ||
| 082 | _aDPer 361.05 J38 Jan-Apr 2016 v. 63 n.1-3 | ||
| 100 |
_941091 _aZuroff, David C. |
||
| 245 |
_aPredictors and moderators of between-therapists and within-therapist differences in depressed outpatients' experiences of the Rogerian conditions/ _cDavid C. Zuroff, [and four others]. |
||
| 260 |
_aWashington DC: _bAmerican Psychological Association, _c©2016. |
||
| 300 |
_av63 n2, pages 162-172: _billustrations: _c27cm. |
||
| 650 | 0 |
_930283 _aPsychotherapy. |
|
| 700 |
_930289 _aBlatt, Sidney J. _eAuthor. |
||
| 700 |
_930290 _aShahar, Golan. _eAuthor. |
||
| 700 |
_930291 _aKelly Allison C. _eAuthor. |
||
| 700 |
_930292 _aLeybman,Michelle J. _eAuthor. |
||
| 942 |
_2ddc _cPER |
||